| 000 | 01373cam a2200421 a 4500 | ||
|---|---|---|---|
| 001 | 8150818 | ||
| 003 | ARRUPE | ||
| 005 | 20151024125431.0 | ||
| 008 | 000417s2000 enk 001 0 eng | ||
| 015 | _aGBA0-Z6934 | ||
| 020 | _a0316854298 | ||
| 020 | _a9780316854290 | ||
| 035 | _a(OCoLC)ocm43341948 | ||
| 035 |
_a(OCoLC)43341948 _z(OCoLC)59454228 |
||
| 035 | _a(NNC)8150818 | ||
| 040 |
_aUKM _cUKM _dOCL _dTXH _dOCLCQ _dOCLCG _dYDXCP _dDEBBG _dUKV3G _dNLGGC _dB9K _dNNC |
||
| 041 | 1 |
_aeng _hita |
|
| 050 | _aD857.H63 2000 | ||
| 082 | 0 | 4 |
_a909.825 _221 |
| 084 |
_aLB 40000 _2rvk |
||
| 084 |
_aNB 6650 _2rvk |
||
| 084 |
_a15.50 _2bcl |
||
| 090 |
_aD857 _b.H63 2000b |
||
| 100 | 1 |
_aHobsbawm, E. J. _q(Eric J.), _d1917-2012. _917842 |
|
| 240 | 1 | 0 |
_aIntervista sul nuovo secolo. _lEnglish |
| 245 | 1 | 4 |
_aThe new century / _cEric Hobsbawm in conversation with Antonio Polito ; translated from the Italian by Allan Cameron. |
| 260 |
_aLondon : _bLittle, Brown, _c2000. |
||
| 300 |
_a176 p. ; _c22 cm. |
||
| 500 | _aIncludes index. | ||
| 504 | _aIncludes index. | ||
| 600 | 1 | 0 |
_aHobsbawm, E. J. _q(Eric J.), _d1917-2012 _vInterviews. _920517 |
| 650 | 0 |
_aCivilization, Modern _y1950- _94562 |
|
| 650 | 0 |
_aTwenty-first century _vForecasts. _920518 |
|
| 700 | 1 |
_aPolito, Antonio. _920519 |
|
| 942 |
_2lcc _cMONOGRAPH |
||
| 948 | 1 |
_a20101109 _bc _cas2107 _dMPS |
|
| 999 |
_c123603 _d123603 |
||